Повесть. Рассказы; Золотая роза; Мещерская сторона; Разливы рек; Ручьи, где плещется форель

Xehetasun bibliografikoak
Egile nagusia: Паустовский К. Г. Константин Георгиевич
Hizkuntza:errusiera
Argitaratua: Уфа, Башкирское книжное издательство, 1988
TOC:Золотая роза;
Мещерская сторона; Разливы рек; Ручьи, где плещется форель;
Gaiak:
Formatua: MixedMaterials Liburua
KOHA link:https://koha.lib.tpu.ru/cgi-bin/koha/opac-detail.pl?biblionumber=369957

MARC

LEADER 00000nam0a2200000 4500
001 369957
005 20231102012232.0
010 |a 529500001X 
035 |a (RuTPU)RU\TPU\retro\27365 
090 |a 369957 
100 |a 20220609d1988 m y0rusy50 ca 
101 0 |a rus 
102 |a RU 
105 |a y z 000ay 
200 1 |a Повесть. Рассказы  |f К. Г. Паустовский 
210 |a Уфа  |c Башкирское книжное издательство  |d 1988 
215 |a 288 с. 
464 |t Золотая роза  |o повесть 
464 |t Мещерская сторона; Разливы рек; Ручьи, где плещется форель  |o рассказы 
606 1 |a Русская литература современная  |2 stltpush  |3 (RuTPU)RU\TPU\subj\26373  |9 50316 
610 1 |a художественная литература 
610 1 |a повести 
610 1 |a рассказы 
675 |a Р2  |v 4 
700 1 |a Паустовский  |b К. Г.  |c русский писатель  |f 1892-1968  |g Константин Георгиевич  |2 stltpush  |3 (RuTPU)RU\TPU\pers\8202  |4 070  |9 1599 
801 1 |a RU  |b 63413507  |c 20220609 
801 2 |a RU  |b 63413507  |c 20230130  |g RCR 
942 |c BK